[Event "Mittelfranken-chTB2a 1819"]
[Site "Mittelfranken"]
[Date "2019.03.03"]
[Round "6.8"]
[White "Classen, Andrej"]
[Black "Beller, Johann"]
[Result "1/2-1/2"]
[WhiteElo "1781"]
[BlackElo "1671"]
[PlyCount "110"]
[EventDate "2018.10.14"]
[EventType "team-tourn"]
[EventRounds "9"]
[EventCountry "GER"]
[SourceTitle "EXT 2022"]
[Source "ChessBase"]
[SourceDate "2021.10.06"]
[SourceVersion "1"]
[SourceVersionDate "2021.10.06"]
[SourceQuality "1"]
[WhiteTeam "Buechenbach/Roth II"]
[BlackTeam "Rothenburg II"]
[WhiteTeamCountry "GER"]
[BlackTeamCountry "GER"]

1. e4 d6 2. d4 Nd7 3. f4 g6 4. Nf3 Bg7 5. Be3 Ngf6 6. Nbd2 c6 7. c3 Ng4 8. Bg1 e5 9. h3 Nh6 10. Nc4 0-0 11. Nxd6 exf4 12. Bh2 g5 13. Qb3 Qe7 14. Nxc8 Qxe4+ 15. Kd1 Raxc8 16. Nxg5 Qf5 17. Nf3 Nb6 18. Kd2 c5 19. Bd3 Qxd3+ 20. Kxd3 c4+ 21. Qxc4 Nxc4 22. b3 Ne3 23. Bxf4 Nd5 24. Bd2 b5 25. a4 a6 26. axb5 axb5 27. Ra5 Rb8 28. Ng5 Nf5 29. g4 Nfe7 30. c4 bxc4+ 31. bxc4 Nb4+ 32. Bxb4 Rxb4 33. Ra3 Nc6 34. Nf3 f5 35. g5 Rfb8 36. Kc3 R4b7 37. Re1 Bf8 38. c5 Bg7 39. Re6 Rc8 40. Ra6 Nxd4 41. Nxd4 Rxc5+ 42. Kd3 Rd5 43. Red6 Rxd4+ 44. Rxd4 Bxd4 45. Kxd4 Kg7 46. Ke5 Rb5+ 47. Kf4 Rc5 48. Rf6 Rc3 49. Rh6 Rc5 50. h4 Ra5 51. h5 Rb5 52. Rf6 Ra5 53. Rxf5 Rxf5+ 54. Kxf5 h6 55. g6 Kf8 1/2-1/2

[Event "Mittelfranken-chTB2a 1617"]
[Site "Mittelfranken"]
[Date "2017.05.14"]
[Round "9.6"]
[White "Classen, Andrej"]
[Black "Koerber, Christian"]
[Result "0-1"]
[WhiteElo "1756"]
[BlackElo "1700"]
[PlyCount "75"]
[EventDate "2016.10.23"]
[EventType "team-tourn"]
[EventRounds "9"]
[EventCountry "GER"]
[SourceTitle "EXT 2022"]
[Source "ChessBase"]
[SourceDate "2021.10.06"]
[SourceVersion "1"]
[SourceVersionDate "2021.10.06"]
[SourceQuality "1"]
[WhiteTeam "Buechenbach/Roth II"]
[BlackTeam "Nuernberg Sued SW IV"]
[WhiteTeamCountry "GER"]
[BlackTeamCountry "GER"]

1. e4 b6 2. Bc4 Bb7 3. Nc3 e6 4. Nf3 Bb4 5. d3 d5 6. exd5 exd5 7. Qe2+ Ne7 8. Bb3 d4 9. Ng5 Bd5 10. Bxd5 Qxd5 11. a3 dxc3 12. axb4 Qxg2 13. Qe4 Qxe4+ 14. Nxe4 cxb2 15. Bxb2 f6 16. Rg1 Kf7 17. Kd2 Nbc6 18. b5 Nb8 19. h4 a5 20. h5 Nd7 21. Rg2 g6 22. Rag1 Rag8 23. Rh2 Ne5 24. Ke2 Nd5 25. Ng5+ Ke7 26. Nf3 Nf4+ 27. Ke3 Nxf3 28. Kxf3 Nxh5 29. Re1+ Kf7 30. Re4 Ng7 31. Rc4 Ne6 32. Rc6 h5 33. Rh4 Re8 34. Kg3 Rd8 35. Ba3 Rd5 36. Re4 Re8 37. Rexe6 Rxe6 38. Rxc7+ 0-1

[Event "Mittelfranken-chTB2a 1617"]
[Site "Mittelfranken"]
[Date "2017.01.22"]
[Round "5.7"]
[White "Classen, Andrej"]
[Black "Weissmann, Peter"]
[Result "1/2-1/2"]
[WhiteElo "1756"]
[BlackElo "1608"]
[PlyCount "51"]
[EventDate "2016.10.23"]
[EventType "team-tourn"]
[EventRounds "9"]
[EventCountry "GER"]
[SourceTitle "EXT 2022"]
[Source "ChessBase"]
[SourceDate "2021.10.06"]
[SourceVersion "1"]
[SourceVersionDate "2021.10.06"]
[SourceQuality "1"]
[WhiteTeam "Buechenbach/Roth II"]
[BlackTeam "Zirndorf II"]
[WhiteTeamCountry "GER"]
[BlackTeamCountry "GER"]

1. e4 c5 2. f4 Nc6 3. Nf3 e6 4. Be2 g6 5. 0-0 Bg7 6. Nc3 Nge7 7. b3 0-0 8. Bb2 d5 9. e5 a6 10. a4 Nf5 11. Bd3 c4 12. Bxf5 exf5 13. Kh1 cxb3 14. cxb3 Be6 15. d4 Re8 16. Ba3 Bf8 17. Bxf8 Rxf8 18. Ng5 h6 19. Nf3 Rc8 20. Na2 Qb6 21. Rb1 Nb4 22. Nxb4 Qxb4 23. Ne1 Rc7 24. Nc2 Qc3 25. Na1 Rfc8 26. Rf3 1/2-1/2

[Event "Mittelfranken-chTB2b 1213"]
[Site "Germany"]
[Date "2012.12.02"]
[Round "4.4"]
[White "Suess, Helmut"]
[Black "Classen, Andrej"]
[Result "1/2-1/2"]
[WhiteElo "1917"]
[BlackElo "1841"]
[PlyCount "99"]
[EventDate "2012.10.07"]
[EventType "team-tourn"]
[EventRounds "9"]
[EventCountry "GER"]
[SourceTitle "EXT 2019"]
[Source "ChessBase"]
[SourceDate "2018.10.10"]
[SourceVersion "1"]
[SourceVersionDate "2018.10.10"]
[SourceQuality "1"]
[WhiteTeam "Nuernberg NT IV"]
[BlackTeam "Buechenbach/Roth II"]
[WhiteTeamCountry "GER"]
[BlackTeamCountry "GER"]

1. d4 d5 2. c4 e6 3. Nc3 Nf6 4. Nf3 c6 5. Bg5 Nbd7 6. cxd5 cxd5 7. e3 Be7 8. Bd3 0-0 9. 0-0 h6 10. Bh4 a6 11. h3 b5 12. a3 Bb7 13. Qe2 Nb6 14. Ne5 Nfd7 15. Bxe7 Qxe7 16. Nxd7 Qxd7 17. b3 Rfc8 18. Qb2 Rc7 19. Rac1 Rac8 20. Na2 Rxc1 21. Rxc1 Rxc1+ 22. Qxc1 Qc6 23. Qxc6 Bxc6 24. Nb4 Bb7 25. Be2 Kf8 26. Nd3 Nd7 27. Nc5 Bc8 28. Kf1 Ke7 29. Ke1 Kd6 30. Nxd7 Bxd7 31. Kd2 a5 32. Kc3 g5 33. b4 a4 34. g3 f6 35. f3 f5 36. f4 gxf4 37. exf4 Ke7 38. Kd2 Kf6 39. Ke3 Be8 40. g4 Bd7 41. Kf2 Bc6 42. Kg3 Be8 43. Kh4 Kg7 44. g5 Bc6 45. Bh5 Bd7 46. Kg3 Bc6 47. gxh6+ Kxh6 48. Bf7 Bd7 49. Kh4 Kg7 50. Bh5 1/2-1/2

[Event "Mittelfranken-chTB2b 1112"]
[Site "Germany"]
[Date "2012.02.26"]
[Round "7.3"]
[White "Greul, Hans"]
[Black "Classen, Andrej"]
[Result "1-0"]
[WhiteElo "1985"]
[BlackElo "1841"]
[PlyCount "105"]
[EventDate "2011.09.25"]
[EventType "team-tourn"]
[EventRounds "9"]
[EventCountry "GER"]
[SourceTitle "EXT 2018"]
[Source "ChessBase"]
[SourceDate "2017.10.13"]
[SourceVersion "1"]
[SourceVersionDate "2017.10.13"]
[SourceQuality "1"]
[WhiteTeam "Muehlhof/Schwabach"]
[BlackTeam "Buechenbach/Roth II"]
[WhiteTeamCountry "GER"]
[BlackTeamCountry "GER"]

1. a3 e5 2. e3 d5 3. d4 exd4 4. exd4 Nf6 5. Nf3 Bf5 6. Bd3 Ne4 7. 0-0 Be7 8. c4 dxc4 9. Bxc4 0-0 10. Qb3 Nd6 11. Bf4 Nxc4 12. Qxc4 Bd6 13. Bxd6 Qxd6 14. Nc3 c6 15. h3 Nd7 16. Rac1 Nb6 17. Qc5 Qxc5 18. dxc5 Nd7 19. Nd1 Rfe8 20. Ne3 Be4 21. Rfd1 Rad8 22. Ng5 Bg6 23. Rd4 Nf6 24. Rcd1 Rxd4 25. Rxd4 h6 26. Nf3 Be4 27. Nd2 Bd5 28. Rb4 Rb8 29. Rd4 Re8 30. Nf5 Re1+ 31. Kh2 Re2 32. Kg1 Re1+ 33. Nf1 Re4 34. f3 Rxd4 35. Nxd4 Nd7 36. b4 b6 37. cxb6 Nxb6 38. Ne3 Kf8 39. Nxd5 cxd5 40. Nc6 Nc8 41. Kf2 Ke8 42. Ke3 Kd7 43. Nd4 Nb6 44. Nc2 Kd6 45. Kd4 Nc4 46. a4 f5 47. Ne3 Nxe3 48. Kxe3 Ke5 49. f4+ Kd6 50. h4 a6 51. h5 Kc6 52. Kd4 Kd6 53. b5 1-0

[Event "Mittelfranken-chTB2b 1112"]
[Site "Germany"]
[Date "2011.10.23"]
[Round "2.3"]
[White "Lange, Joerg"]
[Black "Classen, Andrej"]
[Result "1-0"]
[WhiteElo "1758"]
[BlackElo "1818"]
[PlyCount "79"]
[EventDate "2011.09.25"]
[EventType "team-tourn"]
[EventRounds "9"]
[EventCountry "GER"]
[SourceTitle "EXT 2013"]
[Source "ChessBase"]
[SourceDate "2012.11.22"]
[SourceVersion "1"]
[SourceVersionDate "2012.11.22"]
[SourceQuality "1"]
[WhiteTeam "Lauf II"]
[BlackTeam "Buechenbach/Roth II"]
[WhiteTeamCountry "GER"]
[BlackTeamCountry "GER"]

1. e4 Nf6 2. Nc3 d5 3. exd5 Nxd5 4. Bc4 c6 5. h3 e6 6. Nf3 Nd7 7. 0-0 N7b6 8. Bb3 Be7 9. d4 Bd7 10. Ne4 h6 11. c4 Nf6 12. Nc5 Qc7 13. a4 Rd8 14. Nd3 0-0 15. Bf4 Qc8 16. a5 Na8 17. Nde5 Nc7 18. Bc2 c5 19. Qd3 Nce8 20. Ng4 Bc6 21. Nxf6+ Nxf6 22. Be5 Be4 23. Qe2 Bxc2 24. Qxc2 Nd7 25. Bg3 Bf6 26. d5 exd5 27. cxd5 b6 28. axb6 axb6 29. Ra7 Rde8 30. b4 Ne5 31. Nxe5 Bxe5 32. bxc5 bxc5 33. d6 Qb8 34. Qxc5 Bxg3 35. fxg3 Re6 36. Rc7 Qd8 37. d7 Re7 38. Rd1 Qb8 39. Rc8 Rxd7 40. Qxf8+ 1-0

[Event "Mittelfranken-chTB2b 1011"]
[Site "Germany"]
[Date "2010.10.17"]
[Round "2.3"]
[White "Straschewski, Joerg"]
[Black "Classen, Andrej"]
[Result "1/2-1/2"]
[WhiteElo "1916"]
[BlackElo "1812"]
[PlyCount "131"]
[EventDate "2010.09.26"]
[EventType "team-tourn"]
[EventRounds "9"]
[EventCountry "GER"]
[SourceTitle "EXT 2012"]
[Source "ChessBase"]
[SourceDate "2011.11.24"]
[SourceVersion "1"]
[SourceVersionDate "2011.11.24"]
[SourceQuality "1"]
[WhiteTeam "Cadolzburg"]
[BlackTeam "Buechenbach/Roth II"]
[WhiteTeamCountry "GER"]
[BlackTeamCountry "GER"]

1. d4 d5 2. c4 e6 3. Nc3 Nf6 4. cxd5 exd5 5. Bg5 Be7 6. e3 c6 7. Bd3 Nbd7 8. Qc2 0-0 9. Nge2 Re8 10. h3 Nf8 11. g4 Ne4 12. Bxe7 Qxe7 13. Bxe4 dxe4 14. Ng3 c5 15. d5 b6 16. 0-0-0 Bb7 17. Qxe4 Qd8 18. Qc2 Rc8 19. Rhe1 a6 20. e4 b5 21. Kb1 b4 22. Nce2 a5 23. Nf5 g6 24. Ne3 Ba6 25. Nc4 Bxc4 26. Qxc4 Nd7 27. f4 Nb6 28. Qc2 a4 29. e5 c4 30. Rd4 Re7 31. d6 Ra7 32. a3 bxa3 33. bxa3 Rb7 34. Ka2 Rc5 35. Rb1 Qd7 36. Nc3 Qc6 37. d7 Rxd7 38. Rxd7 Nxd7 39. Nxa4 Rd5 40. Nc3 Rd3 41. Rd1 Qf3 42. Rxd3 cxd3 43. Qd2 Nc5 44. a4 Qxh3 45. Qf2 Ne6 46. Ne4 Qh1 47. Qe3 Qd1 48. Ka3 Qe2 49. Nf6+ Kg7 50. Nd5 Qc2 51. f5 Nc5 52. f6+ Kg8 53. Kb4 d2 54. Nc3 Ne6 55. a5 d1Q 56. Nxd1 Qxd1 57. Qb6 Qb1+ 58. Kc4 Qxb6 59. axb6 Nd8 60. Kd5 h5 61. gxh5 gxh5 62. Kd6 Nb7+ 63. Kc6 Na5+ 64. Kb5 Nb7 65. Kc6 Nd8+ 66. Kd7 1/2-1/2

[Event "Mittelfranken-chTB2b 0809"]
[Site "Mittelfranken"]
[Date "2008.10.12"]
[Round "1.3"]
[White "Classen, Andrej"]
[Black "Kipferl, Wolfgang"]
[Result "0-1"]
[WhiteElo "1770"]
[BlackElo "1885"]
[PlyCount "56"]
[EventDate "2008.10.12"]
[EventType "team"]
[EventRounds "9"]
[EventCountry "GER"]
[SourceTitle "EXT 2011"]
[Source "ChessBase"]
[SourceDate "2010.11.26"]
[SourceVersion "1"]
[SourceVersionDate "2010.11.26"]
[SourceQuality "1"]
[WhiteTeam "Buechenbach/Roth II"]
[BlackTeam "Neumarkt"]
[WhiteTeamCountry "GER"]
[BlackTeamCountry "GER"]

1. e4 d6 2. d4 g6 3. f4 Bg7 4. c3 Nd7 5. Nf3 c6 6. Nbd2 e5 7. Nc4 Qc7 8. dxe5 dxe5 9. Nd6+ Ke7 10. Nxc8+ Rxc8 11. g3 Ngf6 12. Qc2 Rhe8 13. Bd3 Rcd8 14. Be3 Ng4 15. Bd2 Nc5 16. Bc4 b5 17. Be2 exf4 18. Bxf4 Qb6 19. Nd2 Nf2 20. Rf1 Nfd3+ 21. Bxd3 Nxd3+ 22. Ke2 Qc5 23. Rf3 Nxf4+ 24. gxf4 Qh5 25. Nf1 Kf8 26. Kf2 Qh4+ 27. Kg2 Bh6 28. Ng3 Bxf4 0-1

[Event "Mittelfrankenliga-B2b 0708"]
[Site "Mittelfranken"]
[Date "2008.04.27"]
[Round "9.2"]
[White "Hannweber, Markus"]
[Black "Classen, Andrej"]
[Result "1-0"]
[WhiteElo "1862"]
[BlackElo "1770"]
[PlyCount "83"]
[EventDate "2007.10.14"]
[EventType "team-tourn"]
[EventRounds "9"]
[EventCountry "GER"]
[SourceTitle "EXT 2011"]
[Source "ChessBase"]
[SourceDate "2010.11.26"]
[SourceVersion "1"]
[SourceVersionDate "2010.11.26"]
[SourceQuality "1"]
[WhiteTeam "Nuernberg SK 1911 II"]
[BlackTeam "Buechenbach/Roth II"]
[WhiteTeamCountry "GER"]
[BlackTeamCountry "GER"]

1. e4 Nf6 2. e5 Nd5 3. d4 d6 4. exd6 cxd6 5. Nf3 g6 6. Bd3 Bg7 7. 0-0 0-0 8. Re1 Nc6 9. c3 Re8 10. Qb3 Nf6 11. h3 Na5 12. Qc2 Be6 13. b3 Rc8 14. Bb2 a6 15. Nbd2 Qc7 16. Rac1 b5 17. Ng5 Bd5 18. f4 e6 19. Rf1 Qb7 20. Rf2 Nc6 21. Qd1 Ne7 22. Qe2 Rc6 23. Ba3 Rb6 24. c4 Bc6 25. Bxd6 Qd7 26. Be5 Rd8 27. Rd1 Ne8 28. Bxg7 Nxg7 29. Ndf3 Nef5 30. Bc2 bxc4 31. bxc4 Rb2 32. Ne5 Qc7 33. Nexf7 Rd7 34. Ne5 Nxd4 35. Qg4 Rxc2 36. Nxd7 Bxd7 37. Rxd4 Rxf2 38. Qh4 Rxa2 39. Qxh7+ Kf8 40. Qh8+ Ke7 41. Qxg7+ Ke8 42. Qf7+ 1-0

[Event "Mittelfrankenliga-B2b 0708"]
[Site "Mittelfranken"]
[Date "2008.04.13"]
[Round "8.2"]
[White "Proeschel, Gerhard"]
[Black "Classen, Andrej"]
[Result "0-1"]
[WhiteElo "1895"]
[BlackElo "1770"]
[PlyCount "122"]
[EventDate "2007.10.14"]
[EventType "team-tourn"]
[EventRounds "9"]
[EventCountry "GER"]
[SourceTitle "EXT 2011"]
[Source "ChessBase"]
[SourceDate "2010.11.26"]
[SourceVersion "1"]
[SourceVersionDate "2010.11.26"]
[SourceQuality "1"]
[WhiteTeam "Schwabach"]
[BlackTeam "Buechenbach/Roth II"]
[WhiteTeamCountry "GER"]
[BlackTeamCountry "GER"]

1. d4 d5 2. c4 e6 3. Nc3 Nf6 4. Nf3 c6 5. e3 Bd6 6. Qc2 Nbd7 7. c5 Bc7 8. Bd3 0-0 9. 0-0 e5 10. dxe5 Nxe5 11. Nxe5 Bxe5 12. h3 h6 13. Ne2 Re8 14. Nd4 Qe7 15. Nf3 Ne4 16. Nxe5 Qxe5 17. f3 Ng3 18. Re1 Bf5 19. Bxf5 Qxf5 20. Qf2 Qg6 21. Bd2 Re7 22. Kh2 Nh5 23. Bc3 Rae8 24. Rad1 Nf6 25. Rd4 Re6 26. Rf4 Nh5 27. Rg4 Qf5 28. Rh4 Qg6 29. Rg4 Qf5 30. Rh4 Nf6 31. Rf4 Qg6 32. Bd4 Nh5 33. Rg4 Qf5 34. Rh4 Qg6 35. Rg1 Nf6 36. g4 Nh7 37. f4 Qd3 38. g5 hxg5 39. fxg5 Qg6 40. Rf4 Re4 41. Rf5 R8e6 42. Qf3 Nf8 43. Rf1 Re7 44. Rf6 gxf6 45. gxf6 R7e5 46. Bxe5 Rxe5 47. h4 Qh5 48. Rg1+ Ng6 49. Rg4 Re4 50. Kg3 Qxg4+ 51. Qxg4 Rxg4+ 52. Kxg4 Ne5+ 53. Kf5 Nd7 54. b4 b5 55. h5 a6 56. a3 Kh7 57. Kg5 Ne5 58. Kf5 Nc4 59. e4 dxe4 60. Kxe4 Nxa3 61. Ke5 Nc4+ 0-1

[Event "Mittelfrankenliga-B2b 0708"]
[Site "Mittelfranken"]
[Date "2008.03.02"]
[Round "7.2"]
[White "Classen, Andrej"]
[Black "Grimm, Pascal"]
[Result "1/2-1/2"]
[WhiteElo "1770"]
[BlackElo "1820"]
[PlyCount "37"]
[EventDate "2007.10.14"]
[EventType "team-tourn"]
[EventRounds "9"]
[EventCountry "GER"]
[SourceTitle "EXT 2011"]
[Source "ChessBase"]
[SourceDate "2010.11.26"]
[SourceVersion "1"]
[SourceVersionDate "2010.11.26"]
[SourceQuality "1"]
[WhiteTeam "Buechenbach/Roth II"]
[BlackTeam "Postbauer II"]
[WhiteTeamCountry "GER"]
[BlackTeamCountry "GER"]

1. e4 c5 2. f4 Nc6 3. Nf3 g6 4. c3 d5 5. e5 d4 6. Bb5 Bd7 7. 0-0 Qb6 8. a4 a6 9. Bc4 Na5 10. Na3 Nh6 11. Ng5 Nxc4 12. Nxc4 Qc6 13. cxd4 cxd4 14. b3 Rd8 15. Re1 Bg7 16. d3 b5 17. axb5 axb5 18. Na5 Qd5 19. Bd2 1/2-1/2

[Event "Mittelfrankenliga-B2b 0708"]
[Site "Mittelfranken"]
[Date "2008.01.13"]
[Round "4.2"]
[White "Classen, Andrej"]
[Black "Roeschinger, Udo"]
[Result "1/2-1/2"]
[WhiteElo "1770"]
[BlackElo "1885"]
[PlyCount "48"]
[EventDate "2007.10.14"]
[EventType "team-tourn"]
[EventRounds "9"]
[EventCountry "GER"]
[SourceTitle "EXT 2011"]
[Source "ChessBase"]
[SourceDate "2010.11.26"]
[SourceVersion "1"]
[SourceVersionDate "2010.11.26"]
[SourceQuality "1"]
[WhiteTeam "Buechenbach/Roth II"]
[BlackTeam "Heilsbronn"]
[WhiteTeamCountry "GER"]
[BlackTeamCountry "GER"]

1. e4 c5 2. f4 e6 3. Nf3 Nc6 4. d3 d5 5. Be2 dxe4 6. dxe4 Qxd1+ 7. Bxd1 Nf6 8. Nc3 a6 9. e5 Nd5 10. Ne4 b5 11. c3 Be7 12. 0-0 0-0 13. Bc2 Rd8 14. Bd2 Bb7 15. Rae1 h6 16. Bc1 a5 17. Kh1 Ba6 18. Nfd2 c4 19. Rf3 a4 20. a3 Rd7 21. Ng3 Na5 22. f5 Bg5 23. Nge4 Bxd2 24. Nxd2 Bb7 1/2-1/2

[Event "Mittelfrankenliga-B2b 0607"]
[Site "Mittelfranken"]
[Date "2007.03.25"]
[Round "8.5"]
[White "Zimmer, Frank2"]
[Black "Classen, Andrej"]
[Result "1/2-1/2"]
[WhiteElo "1816"]
[BlackElo "1787"]
[PlyCount "63"]
[EventDate "2006.10.22"]
[EventType "team-tourn"]
[EventRounds "9"]
[EventCountry "GER"]
[SourceTitle "EXT 2011"]
[Source "ChessBase"]
[SourceDate "2010.11.26"]
[SourceVersion "1"]
[SourceVersionDate "2010.11.26"]
[SourceQuality "1"]
[WhiteTeam "Nuernberg SK 1911 II"]
[BlackTeam "Buechenbach/Roth II"]
[WhiteTeamCountry "GER"]
[BlackTeamCountry "GER"]

1. e4 Nf6 2. e5 Nd5 3. d4 d6 4. Nf3 Nc6 5. Be2 g6 6. 0-0 Bg7 7. c4 Nb6 8. exd6 cxd6 9. h3 0-0 10. Na3 d5 11. c5 Nd7 12. Nc2 e5 13. dxe5 Nxc5 14. Bg5 Qd7 15. Bb5 Ne6 16. Bh4 a6 17. Bxc6 bxc6 18. Re1 Bb7 19. b4 a5 20. a3 Ra7 21. Nfd4 Rfa8 22. Nxe6 fxe6 23. Qd4 Bf8 24. Qc3 Ra6 25. f4 Qc7 26. b5 Qb6+ 27. Bf2 Qxb5 28. Rab1 Qa4 29. Rxb7 Qxf4 30. Qf3 Qxf3 31. gxf3 Rc8 32. Reb1 1/2-1/2

[Event "Mittelfrankenliga-B2b 0607"]
[Site "Mittelfranken"]
[Date "2006.12.03"]
[Round "3.5"]
[White "Wirth, Karl Heinz"]
[Black "Classen, Andrej"]
[Result "1/2-1/2"]
[WhiteElo "1782"]
[BlackElo "1787"]
[PlyCount "64"]
[EventDate "2006.10.22"]
[EventType "team-tourn"]
[EventRounds "9"]
[EventCountry "GER"]
[SourceTitle "EXT 2011"]
[Source "ChessBase"]
[SourceDate "2010.11.26"]
[SourceVersion "1"]
[SourceVersionDate "2010.11.26"]
[SourceQuality "1"]
[WhiteTeam "Muehlhof"]
[BlackTeam "Buechenbach/Roth II"]
[WhiteTeamCountry "GER"]
[BlackTeamCountry "GER"]

1. e4 Nf6 2. Nc3 d5 3. d4 dxe4 4. f3 exf3 5. Nxf3 e6 6. Bc4 Be7 7. 0-0 c6 8. Bf4 Nbd7 9. Qd3 Nb6 10. Rad1 Nbd5 11. Bg3 b5 12. Bxd5 exd5 13. Ne5 Qb6 14. Rde1 Be6 15. Ne2 0-0 16. c3 Rad8 17. Nf4 Ne4 18. Nxe6 fxe6 19. Rxf8+ Kxf8 20. Rf1+ Kg8 21. Be1 Bf6 22. Qh3 Re8 23. Nd7 Qc7 24. Nxf6+ gxf6 25. Bh4 f5 26. Qe3 Kh8 27. Rf4 Rg8 28. Rxe4 fxe4 29. Bf6+ Rg7 30. Qh6 Qf7 31. Bxg7+ Qxg7 32. Qxg7+ Kxg7 1/2-1/2

[Event "Mittelfrankenliga-B2b 0607"]
[Site "Mittelfranken"]
[Date "2006.11.12"]
[Round "2.5"]
[White "Classen, Andrej"]
[Black "Strobel, Norbert"]
[Result "0-1"]
[WhiteElo "1787"]
[BlackElo "1938"]
[PlyCount "56"]
[EventDate "2006.10.22"]
[EventType "team-tourn"]
[EventRounds "9"]
[EventCountry "GER"]
[SourceTitle "EXT 2011"]
[Source "ChessBase"]
[SourceDate "2010.11.26"]
[SourceVersion "1"]
[SourceVersionDate "2010.11.26"]
[SourceQuality "1"]
[WhiteTeam "Buechenbach/Roth II"]
[BlackTeam "Cadolzburg"]
[WhiteTeamCountry "GER"]
[BlackTeamCountry "GER"]

1. e4 c6 2. Nf3 d5 3. Nc3 Bg4 4. Be2 e6 5. 0-0 Nd7 6. d3 Bd6 7. Bg5 Qa5 8. Bd2 Qb6 9. b3 Ne7 10. h3 Bh5 11. Nh2 Bxe2 12. Qxe2 0-0 13. Be3 d4 14. Na4 Bxh2+ 15. Kh1 Qc7 16. Bxd4 Bd6 17. Rae1 e5 18. Be3 b5 19. Nb2 f5 20. exf5 Nxf5 21. Bd2 Nd4 22. Qd1 Ba3 23. Bc1 Qa5 24. c4 Qc3 25. Na4 Qxc1 26. Qg4 Qf4 27. Qxd7 bxa4 28. bxa4 Rf7 0-1

[Event "Mittelfrankenliga-B2b 0607"]
[Site "Mittelfranken"]
[Date "2006.10.22"]
[Round "1.5"]
[White "Hofer, Markus"]
[Black "Classen, Andrej"]
[Result "1/2-1/2"]
[WhiteElo "1874"]
[BlackElo "1787"]
[PlyCount "51"]
[EventDate "2006.10.22"]
[EventType "team-tourn"]
[EventRounds "9"]
[EventCountry "GER"]
[SourceTitle "EXT 2011"]
[Source "ChessBase"]
[SourceDate "2010.11.26"]
[SourceVersion "1"]
[SourceVersionDate "2010.11.26"]
[SourceQuality "1"]
[WhiteTeam "Buechenbach/Roth"]
[BlackTeam "Buechenbach/Roth II"]
[WhiteTeamCountry "GER"]
[BlackTeamCountry "GER"]

1. d4 d5 2. c4 e6 3. Nc3 Nf6 4. Bg5 Nbd7 5. e3 c6 6. Nf3 Be7 7. Rc1 0-0 8. Bd3 Re8 9. 0-0 Bd6 10. e4 dxe4 11. Nxe4 Be7 12. Be3 Nxe4 13. Bxe4 Nf6 14. Bd3 Qc7 15. h3 c5 16. Qd2 cxd4 17. Bxd4 Bd7 18. Be5 Qd8 19. Rfd1 Bc6 20. Qc2 Qa5 21. Bc3 Qh5 22. Ne5 Rac8 23. Nxc6 Rxc6 24. Rd2 Rec8 25. Rcd1 Ne8 26. Be2 1/2-1/2

[Event "Mittelfrankenliga-B1 0506"]
[Site "Germany"]
[Date "2006.04.02"]
[Round "8.6"]
[White "Classen, Andrej"]
[Black "Weinmann, Stefan"]
[Result "1/2-1/2"]
[WhiteElo "1741"]
[BlackElo "1991"]
[PlyCount "88"]
[EventDate "2005.10.16"]
[EventType "team-tourn"]
[EventRounds "9"]
[EventCountry "GER"]
[SourceTitle "EXT 2007"]
[Source "ChessBase"]
[SourceDate "2006.11.23"]
[SourceVersion "1"]
[SourceVersionDate "2006.11.23"]
[SourceQuality "1"]

1. e4 c5 2. f4 Nc6 3. Nf3 g6 4. d3 Bg7 5. c3 d6 6. Be2 e6 7. 0-0 Nge7 8. Na3 Rb8 9. Nc2 d5 10. exd5 Nxd5 11. d4 cxd4 12. Nfxd4 0-0 13. Bf3 Nxd4 14. Nxd4 a6 15. Bxd5 Qxd5 16. Be3 b5 17. Qb3 Qe4 18. Rae1 Bb7 19. Qc2 Qd5 20. a3 Rbc8 21. Qf2 a5 22. Rd1 Qc4 23. Nf3 Bxf3 24. Qxf3 b4 25. axb4 axb4 26. Bd4 bxc3 27. bxc3 Bxd4+ 28. cxd4 Rfd8 29. Qd3 Rd5 30. g3 h5 31. Rf2 Kg7 32. Qxc4 Rxc4 33. Rfd2 Kf6 34. Kf2 Ke7 35. h4 Kd6 36. Ke3 Rb5 37. Rd3 Kd5 38. Ra1 Rc7 39. Ra2 Rcb7 40. Rc3 Rb3 41. Ra3 R3b5 42. Ra2 Kd6 43. Ra6+ R5b6 44. Ra5 Rb5 1/2-1/2